[Event "Kreis-Mitte-EM"]
[Site "Zirndorf"]
[Date "2016.01.06"]
[Round "7.3"]
[White "Wawor, Gerhard"]
[Black "Erlbeck, Peter"]
[Result "0-1"]
[WhiteElo "1893"]
[BlackElo "2018"]
[PlyCount "58"]
[EventDate "2016.??.??"]
[WhiteTeam "SK Nürnberg 1911"]
[BlackTeam "SW Nürnberg Süd"]

1. d4 f5 2. Bg5 g6 3. Nc3 Bg7 4. h4 d6 5. Nf3 c6 6. Qd2 h6 7. Bf4 Nf6 8. e3
Nbd7 9. Bc4 Ne4 10. Nxe4 fxe4 11. Ng1 Nf6 12. O-O-O b5 13. Be2 O-O 14. Nh3 a5
15. f3 Be6 16. Nf2 exf3 17. gxf3 Bxa2 18. b3 a4 19. Kb2 axb3 20. cxb3 Nd5 21.
Nd3 c5 22. Ra1 cxd4 23. e4 Nc3 24. Bxh6 Qa5 25. Nc1 Bxh6 26. Qxh6 Nd1+ 27. Kc2
Ne3+ 28. Qxe3 dxe3 29. Rxa2 Qd2+ 0-1

[Event "Kreis-Mitte-EM"]
[Site "Zirndorf"]
[Date "2016.01.06"]
[Round "7.4"]
[White "Rummel, Gerald"]
[Black "Adelhütte, Dennis"]
[Result "1/2-1/2"]
[WhiteElo "1732"]
[BlackElo "1924"]
[PlyCount "42"]
[EventDate "2016.??.??"]
[WhiteTeam "SG Nürnberg 1978"]
[BlackTeam "SC JÄKLECHEMIE"]

1. Nf3 Nf6 2. g3 g6 3. Bg2 Bg7 4. c4 O-O 5. O-O c6 6. Nc3 d5 7. cxd5 cxd5 8. d4
Nc6 9. Ne5 Nxe5 10. dxe5 Ng4 11. Qxd5 Qb6 12. h3 Nxe5 13. Rd1 Nc6 14. Qb5 Qc7
15. Be3 Be6 16. Rac1 Rfd8 17. Nd5 Bxd5 18. Rxd5 a6 19. Qb3 Rxd5 20. Bxd5 e6 21.
Bf3 Rc8 1/2-1/2

[Event "Kreis-Mitte-EM"]
[Site "Zirndorf"]
[Date "2016.01.06"]
[Round "7.5"]
[White "Herbst, Thomas"]
[Black "Hannweber, Markus"]
[Result "1/2-1/2"]
[WhiteElo "1846"]
[BlackElo "1838"]
[PlyCount "59"]
[EventDate "2016.??.??"]
[WhiteTeam "SK Nürnberg 1911"]
[BlackTeam "SK Nürnberg 1911"]

1. e4 e5 2. Nf3 Nc6 3. Bc4 Bc5 4. c3 d6 5. d4 exd4 6. cxd4 Bb6 7. h3 h6 8. O-O
Nge7 9. Nc3 Ng6 10. a3 O-O 11. Re1 Nh4 12. Nxh4 Qxh4 13. Be3 Bd7 14. Qd2 Kh8
15. f4 Rae8 16. Rad1 Rd8 17. Qf2 Qxf2+ 18. Kxf2 f6 19. g4 g5 20. f5 Kg7 21. h4
Rde8 22. b4 a6 23. Kf3 Re7 24. Nd5 Ree8 25. a4 Rc8 26. Re2 Rfe8 27. h5 Ba7 28.
Ra2 Ne7 29. Nc3 Bb6 30. Be2 1/2-1/2

[Event "Kreis-Mitte-EM"]
[Site "Zirndorf"]
[Date "2016.01.06"]
[Round "7.6"]
[White "Effenberg, Michael"]
[Black "Thürauf, Peter"]
[Result "1/2-1/2"]
[WhiteElo "1673"]
[BlackElo "1800"]
[PlyCount "35"]
[EventDate "2016.??.??"]
[WhiteTeam "SC JÄKLECHEMIE"]
[BlackTeam "SW Nürnberg Süd"]

1. d4 d5 2. c4 e6 3. e3 Nf6 4. Nc3 Be7 5. Nf3 O-O 6. Bd3 c6 7. O-O Nbd7 8. Re1
dxc4 9. Bxc4 b5 10. Bb3 b4 11. Ne2 c5 12. Nf4 Qb6 13. e4 cxd4 14. e5 Ng4 15.
Nxd4 Ndxe5 16. h3 Bc5 17. hxg4 Bxd4 18. Be3 1/2-1/2

[Event "Kreis-Mitte-EM"]
[Site "Zirndorf"]
[Date "2016.01.06"]
[Round "7.7"]
[White "Münzenberg, Dietrich"]
[Black "Meulner, Fabian"]
[Result "0-1"]
[WhiteElo "1627"]
[BlackElo "1765"]
[PlyCount "116"]
[EventDate "2016.??.??"]
[WhiteTeam "Zabo-Eintracht N."]
[BlackTeam "SW Nürnberg Süd"]

1. d4 d5 2. Bg5 f6 3. Bf4 Nc6 4. Nf3 Bg4 5. Nbd2 Nxd4 6. Nxd4 e5 7. h3 Bh5 8.
Ne6 Qd6 9. Bxe5 fxe5 10. Nxf8 Qxf8 11. g4 Bf7 12. Bg2 O-O-O 13. Nb3 Nf6 14. Qd3
Qd6 15. O-O-O Bg6 16. Qb5 Qb6 17. Qxb6 axb6 18. c3 c6 19. Rhf1 h5 20. g5 Nh7
21. h4 Rhf8 22. f3 Rf4 23. Rh1 Kc7 24. e3 Ra4 25. a3 Nf8 26. Nd2 Ne6 27. e4 Nc5
28. Kc2 dxe4 29. fxe4 Nxe4 30. Bxe4 Bxe4+ 31. Nxe4 Rxd1 32. Kxd1 Rxe4 33. Kd2
Rf4 34. Rh2 Kd6 35. Ke3 Ke6 36. b3 Rf1 37. Ke4 Rb1 38. b4 Rb3 39. Rh3 Rxa3 40.
Rf3 Ra1 41. Rf8 Re1+ 42. Kd3 Rd1+ 43. Ke4 Rh1 44. Re8+ Kd6 45. Rd8+ Ke6 46.
Re8+ Kf7 47. Rb8 Rxh4+ 48. Kxe5 Rc4 49. Rxb7+ Kg6 50. Rxb6 Kxg5 51. b5 cxb5 52.
Rxb5 Kg4 53. Rb4 Rxb4 54. cxb4 h4 55. b5 h3 56. b6 h2 57. b7 h1=Q 58. Kd6 Qxb7
0-1

[Event "Kreis-Mitte-EM"]
[Site "Zirndorf"]
[Date "2016.01.06"]
[Round "7.8"]
[White "Albayrak, Aylin"]
[Black "Drees, Martin"]
[Result "0-1"]
[WhiteElo "1646"]
[BlackElo "1875"]
[PlyCount "174"]
[EventDate "2016.??.??"]
[WhiteTeam "Zabo-Eintracht N."]
[BlackTeam "TSV Cadolzburg"]

1. d4 Nf6 2. c4 g6 3. Nc3 d5 4. Bf4 Bg7 5. e3 c5 6. Nf3 O-O 7. Be2 cxd4 8. Nxd4
Nc6 9. Ndb5 e5 10. Bg5 d4 11. exd4 exd4 12. Nd5 Bf5 13. O-O a6 14. Nbc7 Rc8 15.
Nxf6+ Bxf6 16. Bxf6 Qxf6 17. Nd5 Qd8 18. Qb3 Na5 19. Qb4 d3 20. Ne7+ Kh8 21.
Nxc8 dxe2 22. Rfe1 Bxc8 23. Rxe2 Nc6 24. Qc3+ Qd4 25. Qa3 Rd8 26. Rae1 Be6 27.
b3 Qd3 28. Qb2+ Kg8 29. Qf6 Qxe2 30. Qxd8+ Nxd8 31. Rxe2 Nc6 32. Rd2 Kg7 33. h3
Kf6 34. g4 Ke5 35. f3 Kf4 36. Kf2 a5 37. Re2 Kg5 38. Kg3 a4 39. h4+ Kf6 40. Kf4
Nd4 41. g5+ Kg7 42. Rd2 axb3 43. axb3 Nxb3 44. Rc2 Nd4 45. Rb2 Bxc4 46. Rxb7
Ne6+ 47. Ke3 Bd5 48. Rd7 Bc6 49. Rd6 Ba4 50. f4 Kf8 51. Ke4 Kg7 52. Ke5 Bc2 53.
Rd2 Ba4 54. Ra2 Bd1 55. Rd2 Bb3 56. Rh2 h5 57. Rb2 Bd1 58. Rd2 Bg4 59. Rd6 Nc5
60. Rd2 Nb3 61. Rh2 Nc1 62. Ke4 Ne2 63. Ke3 Ng3 64. Kf2 Nf5 65. Ke1 Kf8 66. Kd2
Ke7 67. Kc3 Kd7 68. Kc4 Kd6 69. Rd2+ Kc7 70. Rh2 Kc6 71. Rh1 Bf3 72. Rh2 Bd5+
73. Kd3 Be6 74. Ke4 Kc5 75. Rc2+ Kb4 76. Rh2 Kc3 77. Rh3+ Kd2 78. Rh2+ Ke1 79.
Kd3 Kf1 80. Kd2 Kg1 81. Rh3 Kg2 82. Rc3 Nxh4 83. Ke3 Nf5+ 84. Ke4 h4 85. Rc2+
Kg3 86. Rc3+ Kg4 87. Rc8 Bxc8 0-1

[Event "Kreis-Mitte-EM"]
[Site "Zirndorf"]
[Date "2016.01.06"]
[Round "7.9"]
[White "Faralisz, Patrick"]
[Black "Babichev, Vyacheslav"]
[Result "0-1"]
[WhiteElo "1803"]
[BlackElo "1712"]
[PlyCount "64"]
[EventDate "2016.??.??"]
[WhiteTeam "SC N-T Nürnberg"]
[BlackTeam "SW Nürnberg Süd"]

1. e4 e6 2. d4 b6 3. Nf3 Bb7 4. Bd3 g6 5. Bg5 f6 6. Bf4 d6 7. Nc3 Nd7 8. O-O
Bg7 9. Qd2 e5 10. Bg3 Bh6 11. Qe2 Ne7 12. Bc4 c6 13. Rad1 b5 14. Bb3 Qc7 15.
Rfe1 a5 16. a4 b4 17. Nb1 Ba6 18. Bc4 Bxc4 19. Qxc4 Bg7 20. c3 Qb7 21. Qb3 c5
22. Nbd2 Nb6 23. Nh4 Qc6 24. Nc4 Nxc4 25. Qxc4 cxd4 26. Qe6 bxc3 27. bxc3 Qxc3
28. Rc1 Qb4 29. f4 Rd8 30. Rc7 d5 31. fxe5 fxe5 32. Bxe5 Qxe1# 0-1

[Event "Kreis-Mitte-EM"]
[Site "Zirndorf"]
[Date "2016.01.06"]
[Round "7.11"]
[White "Nüßlein, Christian"]
[Black "Wieczorek, Heinz"]
[Result "1-0"]
[WhiteElo "1649"]
[BlackElo "1630"]
[PlyCount "47"]
[EventDate "2016.??.??"]
[WhiteTeam "SG Nürnberg 1978"]
[BlackTeam "SW Nürnberg Süd"]

1. e4 e5 2. Nf3 Nc6 3. Bb5 a6 4. Ba4 Nf6 5. O-O b5 6. Bb3 Be7 7. Re1 d6 8. c3
Na5 9. Bc2 c5 10. d4 Qc7 11. d5 Nc4 12. b3 Nb6 13. Nbd2 a5 14. Nf1 b4 15. c4
Bd7 16. Ne3 g6 17. Bb2 Bf8 18. Nd2 Bg7 19. f4 exf4 20. e5 dxe5 21. Bxe5 Qd8 22.
Nf5 O-O 23. Nxg7 Kxg7 24. Ne4 1-0

[Event "Kreis-Mitte-EM"]
[Site "Zirndorf"]
[Date "2016.01.06"]
[Round "7.12"]
[White "Berg, Winfried"]
[Black "Wirth, Karl-Heinz"]
[Result "0-1"]
[WhiteElo "1631"]
[BlackElo "1758"]
[PlyCount "72"]
[EventDate "2016.??.??"]
[WhiteTeam "SW Nürnberg Süd"]
[BlackTeam "SC Mühlh.-Reichelsd."]

1. e4 e5 2. d4 exd4 3. Bc4 Nf6 4. e5 d5 5. exf6 dxc4 6. Nf3 c5 7. O-O Qxf6 8.
Re1+ Be6 9. c3 Nc6 10. Qa4 Bd6 11. Qxc4 O-O 12. Qb5 Bd5 13. Bg5 Qg6 14. Nbd2 h6
15. Bh4 dxc3 16. bxc3 Ne5 17. Bg3 Nxf3+ 18. Nxf3 Bxg3 19. hxg3 Bxf3 20. gxf3 b6
21. Re7 Qf6 22. Rae1 Qxf3 23. R1e3 Qf5 24. Qc6 Rfd8 25. Rf3 Qh5 26. Kg2 Rf8 27.
Rexf7 Rxf7 28. Qxa8+ Kh7 29. Qe4+ Qg6 30. Qe8 Rxf3 31. Qxg6+ Kxg6 32. Kxf3 Kf5
33. g4+ Ke5 34. g5 hxg5 35. Kg4 Ke4 36. f3+ Ke3 0-1

[Event "Kreis-Mitte-EM"]
[Site "Zirndorf"]
[Date "2016.01.06"]
[Round "7.13"]
[White "Leuschner, Günter"]
[Black "Müller, Ludwig"]
[Result "1-0"]
[WhiteElo "1746"]
[BlackElo "1679"]
[PlyCount "80"]
[EventDate "2016.??.??"]
[WhiteTeam "SW Nürnberg Süd"]
[BlackTeam "SG Nürnberg 1978"]

1. e4 e5 2. Nf3 Nc6 3. Bb5 Nf6 4. Qe2 d6 5. c3 Be7 6. d3 O-O 7. Nbd2 a6 8. Ba4
b5 9. Bc2 Bg4 10. Nf1 h6 11. Ng3 Nh7 12. h3 Bxf3 13. Qxf3 Bg5 14. O-O g6 15.
Bb3 Bxc1 16. Raxc1 Ng5 17. Qg4 Ne7 18. f4 exf4 19. Rxf4 Qc8 20. Qh4 Kg7 21.
Rcf1 c5 22. Rf6 c4 23. dxc4 bxc4 24. Bd1 Qc5+ 25. Kh1 Nh7 26. Qf4 Qe5 27. Rxf7+
Kg8 28. Qxe5 dxe5 29. Rxe7 Rxf1+ 30. Nxf1 Rb8 31. b3 Ng5 32. Rxe5 Rd8 33. Be2
cxb3 34. axb3 Kf7 35. h4 Ne6 36. Bc4 Rd6 37. Ne3 h5 38. Bd5 Kf6 39. Rxe6+ Rxe6
40. Bxe6 Kxe6 1-0

[Event "Kreis-Mitte-EM"]
[Site "Zirndorf"]
[Date "2016.01.06"]
[Round "7.14"]
[White "Kocak, Ediz"]
[Black "Weißmann, Peter"]
[Result "0-1"]
[WhiteElo "1567"]
[BlackElo "1687"]
[PlyCount "66"]
[EventDate "2016.??.??"]
[WhiteTeam "SW Nürnberg Süd"]
[BlackTeam "SK Zirndorf"]

1. Nf3 c5 2. c4 Nf6 3. Nc3 g6 4. g3 Nc6 5. Bg2 Bg7 6. O-O O-O 7. d3 d6 8. Bd2
Bg4 9. Rb1 Rb8 10. a3 Qd7 11. Re1 e5 12. b4 b6 13. b5 Nd4 14. Nxd4 exd4 15. Nd5
Nxd5 16. Bxd5 Be6 17. Bh1 d5 18. Qb3 dxc4 19. dxc4 f5 20. Bf4 Rbd8 21. Qd3 Qf7
22. Rec1 h6 23. h4 Kh7 24. a4 Bf6 25. Bf3 g5 26. hxg5 hxg5 27. Bd2 Qg6 28. a5
g4 29. Bg2 Bg5 30. Bxg5 Qxg5 31. axb6 axb6 32. Ra1 Kh6 33. Ra2 Qxc1+ 0-1

[Event "Kreis-Mitte-EM"]
[Site "Zirndorf"]
[Date "2016.01.06"]
[Round "7.15"]
[White "Hahn, Thomas"]
[Black "Hauck, Martin"]
[Result "1-0"]
[WhiteElo "1637"]
[BlackElo "1053"]
[PlyCount "109"]
[EventDate "2016.??.??"]
[WhiteTeam "Zabo-Eintracht N."]
[BlackTeam "SC N-T Nürnberg"]

1. e4 Nc6 2. Bc4 e6 3. Nc3 Nge7 4. Qf3 Ne5 5. Qe2 Nxc4 6. Qxc4 Ng6 7. Nf3 Be7
8. d4 c6 9. Be3 b5 10. Qd3 a5 11. O-O Ba6 12. Ne2 b4 13. Qd2 O-O 14. Rfd1 f6
15. Nf4 Nxf4 16. Bxf4 d5 17. exd5 exd5 18. Re1 Bd6 19. Bxd6 Qxd6 20. a3 b3 21.
cxb3 Bc8 22. Rac1 Bg4 23. Qc3 Rab8 24. Nd2 Rfe8 25. Qxa5 Rxe1+ 26. Rxe1 f5 27.
Qc5 Qg6 28. Qe7 h6 29. Qe6+ Qxe6 30. Rxe6 Rc8 31. Re5 Kf7 32. f3 Bxf3 33. Rxf5+
Kg6 34. Rxf3 c5 35. Rc3 Re8 36. Kf2 Kf5 37. dxc5 d4 38. Rd3 Rd8 39. Kf3 h5 40.
b4 g5 41. Nb3 g4+ 42. Kg3 Ke4 43. Rxd4+ Rxd4 44. Nxd4 Kxd4 45. c6 h4+ 46. Kxh4
g3 47. hxg3 Kd5 48. c7 Kc6 49. c8=Q+ Kb5 50. b3 Kb6 51. a4 Ka7 52. Qc6 Kb8 53.
Qd7 Ka8 54. a5 Kb8 55. a6 1-0

[Event "Kreis-Mitte-EM"]
[Site "Zirndorf"]
[Date "2016.01.06"]
[Round "7.16"]
[White "Lingl, Peter"]
[Black "Walch, Roger"]
[Result "1-0"]
[WhiteElo "1449"]
[BlackElo "1617"]
[PlyCount "65"]
[EventDate "2016.??.??"]
[WhiteTeam "SC JÄKLECHEMIE"]
[BlackTeam "SW Nürnberg Süd"]

1. e4 e6 2. d4 d5 3. e5 c5 4. c3 Bd7 5. Be3 Qb6 6. Qc2 Nc6 7. Nf3 Rc8 8. Qb3
Qc7 9. Nbd2 a6 10. a4 c4 11. Qc2 Na5 12. Be2 Ne7 13. Nh4 h6 14. O-O g5 15. Nhf3
Nf5 16. Ne1 Bg7 17. g4 Nxe3 18. fxe3 O-O 19. Ng2 f6 20. Nf3 Nb3 21. Ra3 fxe5
22. h4 e4 23. Nd2 Rxf1+ 24. Nxf1 Qd8 25. h5 Na5 26. Nd2 Qc7 27. Ra1 e5 28. Rf1
exd4 29. exd4 Qg3 30. Nxe4 dxe4 31. Qxe4 Re8 32. Qd5+ Kh8 33. Qxd7 1-0

[Event "Kreis-Mitte-EM"]
[Site "Zirndorf"]
[Date "2016.01.06"]
[Round "7.17"]
[White "Albayrak, Atilla"]
[Black "Albayrak, Nese Pinar"]
[Result "1-0"]
[WhiteElo "1387"]
[BlackElo "902"]
[PlyCount "61"]
[EventDate "2016.??.??"]
[WhiteTeam "Zabo-Eintracht N."]
[BlackTeam "Zabo-Eintracht N."]

1. Nf3 d5 2. d4 Nc6 3. c4 Nf6 4. Nc3 Be6 5. cxd5 Bxd5 6. Nxd5 Qxd5 7. e3 e6 8.
Bd3 Bb4+ 9. Bd2 Bxd2+ 10. Qxd2 O-O-O 11. O-O Ne4 12. Qd1 Nb4 13. Bxe4 Qxe4 14.
Ne5 Rhf8 15. Qb3 Nc2 16. Rac1 Rd5 17. Rxc2 f6 18. Nf3 g5 19. Qc4 Rf7 20. h3 g4
21. hxg4 Qxg4 22. Nh2 Qe4 23. Qa4 Rg7 24. g3 e5 25. Qe8+ Rd8 26. Qe6+ Rgd7 27.
Rfc1 Kb8 28. Qxf6 exd4 29. Rxc7 Rxc7 30. Qxd8+ Rc8 31. Qxc8# 1-0